00205nam a2200061Ia 4500245003100000100007100031008004100102 0aWaar die frangipani bloei  a LINGUA, Susanna M. (Susanna Myburgh) Pretoria, 1989 2DE UITG 210825s9999 xx 000 0 und d